La casa habitación: su construcción y mejoramiento

I tiakina i:
Ngā taipitopito rārangi puna kōrero
Kaituhi matua: Haglund, Elsa (Author)
Hōputu: Pukapuka
Reo:Pāniora
I whakaputaina: Ciudad de México Pax-México 1961
Ngā marau:
Ngā Tūtohu: Tāpirihia he Tūtohu
Kāore He Tūtohu, Me noho koe te mea tuatahi ki te tūtohu i tēnei pūkete!

MARC

LEADER 00000nam a2200000 a 4500
001 UCU6592
003 CL-VaPUC
008 960621e19610000MX |||||||||||||||||spa|d
082 0 4 |a 728  |b HAG  |2 21 
100 0 |a Haglund, Elsa  |e author  |9 364854 
245 1 3 |a La casa habitación: su construcción y mejoramiento 
300 |a 248 p 
942 |c BK 
945 |d 19960621 00:00:00  |a lriquelm 
260 |a Ciudad de México  |b Pax-México  |c 1961 
650 0 |a Construcción  |9 260195 
650 7 |a TECNOLOGIA DE LA CONSTRUCCION  |2 CL-VaPUC  |9 260196 
650 0 |a Vivienda  |9 258662 
650 0 |a Casas   |9 348018 
650 0 |a Arquitectura  |9 804558 
650 0 |a Diseño arquitectónico   |9 265271 
583 |a last modification  |c 19960621 00:00:00  |k Rodrigo Vera 
999 |c 249448  |d 249446 
952 |0 0  |1 0  |4 0  |6 728_000000000000000_HAG_1961  |7 0  |8 A  |9 266718  |a BIBING  |b BIBING  |d 2019-11-19  |i 1689029  |o 728 HAG 1961  |p 1689029  |r 2025-01-20  |w 2019-11-19  |y BK  |k CCL